Saving lie (Record no. 649116)

MARC details
000 -LEADER
fixed length control field 00678nam a2200241Ia 4500
003 - CONTROL NUMBER IDENTIFIER
control field OSt
005 - DATE AND TIME OF LATEST TRANSACTION
control field 20220926030247.0
008 - FIXED-LENGTH DATA ELEMENTS--GENERAL INFORMATION
fixed length control field 220923b |||||||| |||| 00| 0 eng d
020 ## - INTERNATIONAL STANDARD BOOK NUMBER
International Standard Book Number 0812237307
037 ## - SOURCE OF ACQUISITION
Terms of availability General Book
040 ## - CATALOGING SOURCE
Original cataloging agency RTL
Transcribing agency RTL
Language of cataloging eng
041 ## - LANGUAGE CODE
Source of code eng
Language code of text/sound track or separate title eng
100 ## - MAIN ENTRY--PERSONAL NAME
Personal name Bailey F G
9 (RLIN) 120365
245 #0 - TITLE STATEMENT
Title Saving lie
Remainder of title Truth and method in the social scienc
260 ## - PUBLICATION, DISTRIBUTION, ETC.
Place of publication, distribution, etc. Philadelphia
Name of publisher, distributor, etc. University of Pennsylvania Press.
Date of publication, distribution, etc. 2003
300 ## - PHYSICAL DESCRIPTION
Extent xv,213p
Dimensions cm.
500 ## - GENERAL NOTE
General note Bibliography : P 201-206
942 ## - ADDED ENTRY ELEMENTS (KOHA)
Classification part Yb4, P3
Koha item type General Books
Source of classification or shelving scheme Colon Classification (CC)
Holdings
Withdrawn status Lost status Damaged status Not for loan Home library Current library Date acquired Total Checkouts Full call number Barcode Date last seen Price effective from Koha item type
        Ratan Tata Library Ratan Tata Library 2022-09-26   Yb4 P3 RT1162284 2022-09-26 2022-09-26 General Books
Copyright @ Delhi University Library System